Pokémon-O Segredo dos Pokémon Rosa (Registo nº 10169)

Detalhes MARC
000 -Etiqueta do registo
Valores 00377nam a22001211i 4500
090 ## -
-- 10169
100 ## - Dados gerais de processamento
Dados gerais 20170304u u u0frey50 ba
200 1# - Titulo e menção de responsabilidade
Primeira menção de responsabilidade Tracey West
Título próprio Pokémon-O Segredo dos Pokémon Rosa
215 ## - Descrição física 
Outras indicações físicas x
Dimensões '11 cm'
700 #1 - Autor principal (pessoa individual)
Apelido West
Nome Tracey
-- 070
996 ## - ISO2709
-- 0011111
-- 00000000
-- 00000000
-- BMVA
-- 1
-- Viana do Alentejo
-- Literatura Juvenil
-- 2
-- Livro
-- 0
-- 1
990 ## - Elementos KOHA
Tipo de documento Livro
995 ## - Localização e informação dos exemplares
-- 2
Exemplares
Situação do levantamento Estado Biblioteca de origem Biblioteca de empréstimo Localização na Estante Código de barras Permissão de empréstimo Tipo de documento
  Completo Biblioteca Municipal de Viana Do Alentejo Biblioteca Municipal de Viana Do Alentejo   0014475 Disponível Livro




Powered by Koha